000 00945nam a2200349 a 4500
003 AR-BaBNM
005 20251128210927.0
008 082120s2002 ||||||||||||||000 | spa||
020 _a968-444-076-6
040 _cAR-BaBNM
245 0 0 _aEstás en forma?
250 _a1ª ed., 3ª reimpr.
260 _aMéxico, D.F.
_bLongman
_bAlhambra
_c1996
300 _a109 p.
_btablas, fot.
490 0 _aBiblioteca de Recursos Didácticos Alhambra
650 4 _aEDUCACION FISICA
650 4 _aDEPORTE
650 4 _aACTIVIDADES FISICAS
650 4 _aDESARROLLO FISICO
650 4 _aEJERCICIOS FISICOS
650 4 _aSALUD FISICA
650 4 _aVELOCIDAD
650 4 _aFUERZA
650 4 _aEQUILIBRIO
700 1 _aCambeiro Martínez, Xan
700 1 _aMartínez Salinas, Alfonso
700 1 _aRamírez Campillo, Adoración
700 1 _aRius Sant, Joan
800 1 _aBria, Llatzer
_edirector
942 _cBK
998 _cRAQUEL
999 _c17498
_d17498